| 000 | 00640nam a2200217 a 4500 | ||
|---|---|---|---|
| 005 | 20251105063904.0 | ||
| 008 | 140212s2012 mx r 000 0 spa d | ||
| 020 | _a9788497889995 | ||
| 035 | _aUPN01000195704 | ||
| 049 | _aCG | ||
| 050 | 4 |
_aLC191 _bM6.2 |
|
| 100 | 1 |
_aMoyano, Segundo _934948 |
|
| 245 | 1 | 0 |
_aAcción educativa y funciones de los educadores sociales / _cSegundo Moyano. |
| 260 |
_aBarcelona, Esp. : _bUOC, _c2012. |
||
| 300 | _a121 p. | ||
| 440 | 0 |
_aLaboratorio de educación social ; _v1 |
|
| 650 | 4 |
_aEducación social _913718 |
|
| 650 | 4 |
_aEducación _xAspectos sociales _95311 |
|
| 905 | _aLibro | ||
| 999 |
_c167805 _d167805 |
||